| 000 | 01644cac a2200409 i 4500 | ||
|---|---|---|---|
| 003 | EG-GICUC | ||
| 005 | 20260304095737.0 | ||
| 008 | 741017s1974 mnu frb 001 0 eng d | ||
| 040 |
_aDLC _cDLC _dDLC _dEG-GICUC _beng _erda |
||
| 043 | _an-us--- | ||
| 050 | 0 | 0 |
_aKF9618 _b.K36 1974 |
| 082 | 0 | 0 |
_a343..073 _221 |
| 092 | 0 | 4 | _221 |
| 099 | _aLaw 10 1974 | ||
| 100 | 1 | _aKamisar, Yale. | |
| 245 | 1 | 0 |
_aModern criminal procedure : _bcases, comments, and questions / _cby Yale Kamisar, Wayne R. LaFave, Jerold H. Israel. |
| 250 | _a4th edition. | ||
| 264 |
_aSt. Paul : _bWest Pub. Co., _c1974. |
||
| 300 |
_axcv, 1572, 72 page ; _c27 cm. |
||
| 336 |
_atext _btxt _2rdacontent |
||
| 337 |
_aunmediated _bn _2rdamedia |
||
| 338 |
_avolume _bnc _2rdacarrier |
||
| 440 | 0 | _aAmerican casebook series | |
| 500 | _aFirst ed. by Hall and Kamisar. | ||
| 500 | _aUpdated by cumulative supplement, which updates also the authors' Basic criminal procedure. | ||
| 500 | _a"Federal rules of criminal procedure for the United States District Courts (as amended effective July 1, 1974": p. 24-53 (3d group). | ||
| 500 | _aIncludes index. | ||
| 504 | _aBibliography: p. lxvii-lxxxv. | ||
| 650 | 0 |
_aCriminal procedure _zUnited States _xCases. |
|
| 700 | 1 |
_aLaFave, Wayne R., _ejoint author. |
|
| 700 | 1 |
_aIsrael, Jerold H., _d1934- _ejoint author. |
|
| 700 | 1 |
_aHall, Livingston, _d1903- _tModern criminal procedure. |
|
| 710 | 1 | 2 |
_aUnited States. _bSupreme Court. _tRules of criminal procedure for the United States District Courts. 1974. |
| 856 | 4 | 0 | _uhttps://fll.law.cu.edu.eg/fulltext/bks/ENGB10-00164.pdf |
| 905 | _a10 | ||
| 942 |
_2ddc _cBK _e21 _n0 |
||
| 999 |
_c53262 _d53262 |
||